Great Air Battles of Pakistan Air Force (Record no. 610374)

000 -LEADER
fixed length control field 00372nam a22001337a 4500
020 ## - INTERNATIONAL STANDARD BOOK NUMBER
International Standard Book Number 9690018922
040 ## - CATALOGING SOURCE
Transcribing agency NUST
082 ## - DEWEY DECIMAL CLASSIFICATION NUMBER
Classification number 358.40095491
Author Mark Kai
100 ## - MAIN ENTRY--PERSONAL NAME
Personal name Tufail Kaiser
9 (RLIN) 124548
245 ## - TITLE STATEMENT
Title Great Air Battles of Pakistan Air Force
260 ## - PUBLICATION, DISTRIBUTION, ETC.
Place of publication, distribution, etc. Lahore:
Name of publisher, distributor, etc. Ferozsons Pvt Ltd;
Date of publication, distribution, etc. 2005.
650 ## - SUBJECT ADDED ENTRY--TOPICAL TERM
Topical term or geographic name entry element Great Air Battles of Pakistan Air Force
9 (RLIN) 124549
942 ## - ADDED ENTRY ELEMENTS (KOHA)
Source of classification or shelving scheme
Koha item type Book
Holdings
Withdrawn status Lost status Source of classification or shelving scheme Damaged status Not for loan Permanent Location Current Location Shelving location Date acquired Total Checkouts Full call number Barcode Date last seen Price effective from Koha item type
          College of Electrical & Mechanical Engineering (CEME) College of Electrical & Mechanical Engineering (CEME) General Stacks 07/18/2024   358.40095491 Kai CEME- 42307 07/18/2024 07/18/2024 Book
© 2023 Central Library, National University of Sciences and Technology. All Rights Reserved.